[Event "8th Paul Keres mem"]
[Site "Tallinn URS"]
[Date "1983.03.07"]
[Round "12"]
[White "Arnason, Jon"]
[Black "Szekely, Peter"]
[Result "1/2-1/2"]
[WhiteElo "2460"]
[BlackElo "2435"]
[EventDate "1983.02.21"]
[PlyCount "35"]

1.e4 c5 2.Nf3 d6 3.d4 cxd4 4.Nxd4 Nf6 5.Nc3 a6 6.Be2 e5 7.Nb3 Be7 8.O-O 
O-O 9.Be3 Be6 10.f4 exf4 11.Bxf4 Nc6 12.Qe1 Ne8 13.Nd5 Bg5 14.Bg3 Nf6 15.
Nc3 Qe7 16.Rd1 Rad8 17.Nd2 d5 18.exd5 1/2-1/2

[Event "8th Paul Keres mem"]
[Site "Tallinn URS"]
[Date "1983.03.07"]
[Round "12"]
[White "Boensch, Uwe"]
[Black "Suba, Mihai"]
[Result "1/2-1/2"]
[WhiteElo "2450"]
[BlackElo "2535"]
[EventDate "1983.02.21"]
[PlyCount "86"]

1.d4 Nf6 2.Nf3 c5 3.c3 b6 4.Bf4 Bb7 5.h3 g6 6.e3 Bg7 7.Nbd2 O-O 8.Be2 d6 
9.O-O Re8 10.a4 Nc6 11.Nc4 cxd4 12.cxd4 Na5 13.Rc1 Rc8 14.b4 Nxc4 15.Bxc4 
Bd5 16.Qd3 Rxc4 17.Rxc4 Bxc4 18.Qxc4 Qd7 19.Qb3 Rc8 20.Ng5 d5 21.b5 Rc4 
22.Ra1 h6 23.Nf3 Ne4 24.a5 bxa5 25.b6 axb6 26.Qxb6 a4 27.Be5 Qc8 28.Qa5 
Rc1+ 29.Rxc1 Qxc1+ 30.Kh2 Nxf2 31.Qxd5 Qxe3 32.Qa8+ Kh7 33.Qxa4 Nd3 34.Bg3
f5 35.Qe8 Qe6 36.d5 Qxd5 37.Qxe7 f4 38.Bh4 g5 39.Be1 Nxe1 40.Qxe1 Qd3 41.
Qe6 Qg6 42.Qe7 Qf5 43.Qe8 Bf8 1/2-1/2

[Event "8th Paul Keres mem"]
[Site "Tallinn URS"]
[Date "1983.03.07"]
[Round "12"]
[White "Karner, Hillar"]
[Black "Abramovic, Bosko"]
[Result "1-0"]
[WhiteElo "2405"]
[BlackElo "2475"]
[EventDate "1983.02.21"]
[PlyCount "79"]

1.Nf3 g6 2.e4 d6 3.d4 Nf6 4.Bd3 Bg7 5.c3 O-O 6.O-O Nc6 7.b4 a6 8.Nbd2 Re8 
9.a4 e5 10.d5 Ne7 11.c4 Nh5 12.a5 f5 13.Ra3 Nf4 14.Bb1 h6 15.Ne1 Rf8 16.f3
Rf7 17.Nd3 h5 18.Nf2 h4 19.c5 Bd7 20.Nc4 Bb5 21.Ba2 g5 22.Re1 Rb8 23.Ne3 
Bf8 24.Rc3 Bd7 25.Qc2 fxe4 26.fxe4 Nc8 27.g3 hxg3 28.hxg3 Nh5 29.c6 Be8 
30.Nf5 Qf6 31.Ng4 Qg6 32.Rf1 Na7 33.Rcf3 Nb5 34.Be3 Bg7 35.Qd2 Nf4 36.gxf4
gxf4 37.Qg2 fxe3 38.Ngh6+ Kh7 39.Qxg6+ Kxg6 40.Rg3+ 1-0

[Event "8th Paul Keres mem"]
[Site "Tallinn URS"]
[Date "1983.03.07"]
[Round "12"]
[White "Schussler, Harry"]
[Black "Petrosian, Tigran"]
[Result "1/2-1/2"]
[WhiteElo "2485"]
[BlackElo "2605"]
[EventDate "1983.02.21"]
[PlyCount "47"]

1.d4 Nf6 2.c4 c5 3.d5 e6 4.Nc3 exd5 5.cxd5 d6 6.e4 g6 7.Bf4 a6 8.Nf3 b5 9.
e5 dxe5 10.Nxe5 Bd6 11.Be2 O-O 12.O-O b4 13.Nc6 Qc7 14.Bxd6 Qxd6 15.Na4 
Nbd7 16.Rc1 Kg7 17.Na5 Rb8 18.Nb3 Qxd5 19.Qxd5 Nxd5 20.Naxc5 Nf4 21.Rfe1 
Nxc5 22.Nxc5 Nxe2+ 23.Rxe2 Rd8 24.f3 1/2-1/2

[Event "8th Paul Keres mem"]
[Site "Tallinn URS"]
[Date "1983.03.07"]
[Round "12"]
[White "Tal, Mikhail"]
[Black "Psakhis, Lev"]
[Result "1-0"]
[WhiteElo "2620"]
[BlackElo "2580"]
[EventDate "1983.02.21"]
[PlyCount "50"]

1.d4 Nf6 2.c4 e6 3.Nf3 b6 4.Nc3 Bb4 5.e3 Bb7 6.Bd3 O-O 7.O-O d5 8.Bd2 dxc4
9.Bxc4 Nbd7 10.Qe2 c5 11.Rfd1 cxd4 12.exd4 Bxc3 13.bxc3 Ne4 14.Be1 Rc8 15.
Rac1 Ng5 16.Nd2 Nh3+ 17.gxh3 Rxc4 18.Qxc4 Qg5+ 19.Kf1 Qg2+ 20.Ke2 e5 21.
Nf1 exd4 22.cxd4 Nc5 23.dxc5 Qf3+ 24.Kd2 Qa3 25.Qb3 Rd8+ 1-0

[Event "8th Paul Keres mem"]
[Site "Tallinn URS"]
[Date "1983.03.08"]
[Round "13"]
[White "Abramovic, Bosko"]
[Black "Arnason, Jon"]
[Result "1/2-1/2"]
[WhiteElo "2475"]
[BlackElo "2460"]
[EventDate "1983.02.21"]
[PlyCount "142"]

1.e4 c5 2.Nf3 d6 3.d4 cxd4 4.Nxd4 Nf6 5.Nc3 a6 6.Be2 e5 7.Nb3 Be7 8.O-O 
O-O 9.Be3 Be6 10.Qd2 Nc6 11.Rfd1 a5 12.a3 a4 13.Nc1 Ra5 14.Bf3 Qc7 15.N1a2
Rc8 16.Rdc1 Nb8 17.Nb4 Nbd7 18.Be2 Nb6 19.Rd1 Qd8 20.Qe1 Nfd7 21.Nb5 Nc5 
22.f3 Bc4 23.Nc3 Ncd7 24.Rab1 h6 25.Kh1 Kh8 26.Bxb6 Nxb6 27.Bxc4 Rxc4 28.
Ncd5 Nxd5 29.Nxd5 Ra6 30.Qe2 Rc5 31.Rd3 Bg5 32.Rbd1 Qd7 33.Nb4 Rb6 34.c3 
g6 35.Rd5 Qe6 36.Qc2 f5 37.Qxa4 fxe4 38.fxe4 Rc4 39.Qa7 Be3 40.R5d3 Bc5 
41.Rf3 Qg8 42.Qa5 Rxe4 43.Rdf1 Rf4 44.Rxf4 exf4 45.Rxf4 Qe8 46.Rf1 Kg7 47.
Rd1 h5 48.Nd3 Qe2 49.Qa4 Ra6 50.Qb3 Rb6 51.Qa4 Ra6 52.Qb3 Rb6 53.Nb4 d5 
54.Rb1 Rf6 55.Qd1 Qxd1+ 56.Rxd1 d4 57.cxd4 Bxb4 58.axb4 Rf2 59.d5 Kf7 60.
Kg1 Rxb2 61.d6 Ke8 62.Re1+ Kd7 63.Re7+ Kxd6 64.Rxb7 Ke5 65.b5 h4 66.h3 Kf4
67.Kh2 Rb1 68.Rb8 Kg5 69.b6 Kh6 70.b7 Kg7 71.g4 hxg3+ 1/2-1/2

[Event "8th Paul Keres mem"]
[Site "Tallinn URS"]
[Date "1983.03.08"]
[Round "13"]
[White "Ehlvest, Jaan"]
[Black "Tal, Mikhail"]
[Result "1/2-1/2"]
[WhiteElo "2460"]
[BlackElo "2620"]
[EventDate "1983.02.21"]
[PlyCount "53"]

1.e4 c5 2.Nf3 d6 3.d4 Nf6 4.Nc3 cxd4 5.Nxd4 a6 6.f4 Qc7 7.Bd3 g6 8.O-O Bg7
9.Nf3 Bg4 10.Qe1 Bxf3 11.Rxf3 Nbd7 12.Kh1 Rc8 13.Bd2 Qc5 14.a3 O-O 15.Qh4 
Qh5 16.Qxh5 Nxh5 17.g4 Nhf6 18.g5 Nh5 19.Nd5 Rfe8 20.c3 e6 21.Ne3 d5 22.e5
Nc5 23.Ng4 Red8 24.Bf1 Bf8 25.Be3 Na4 26.Rf2 Bc5 27.Bxc5 1/2-1/2

[Event "8th Paul Keres mem"]
[Site "Tallinn URS"]
[Date "1983.03.08"]
[Round "13"]
[White "Psakhis, Lev"]
[Black "Boensch, Uwe"]
[Result "1-0"]
[WhiteElo "2580"]
[BlackElo "2450"]
[EventDate "1983.02.21"]
[PlyCount "95"]

1.d4 Nf6 2.c4 c5 3.d5 e5 4.Nc3 d6 5.e4 Be7 6.Bd3 Nbd7 7.h3 h5 8.f4 exf4 9.
Bxf4 Ne5 10.Nf3 Nfd7 11.O-O Bf6 12.Nb5 Qb6 13.a4 a5 14.Be2 h4 15.Ra3 Ra6 
16.Nh2 Qd8 17.Ng4 Nxg4 18.Bxg4 Ne5 19.Bxc8 Qxc8 20.Qe2 Qd7 21.Bh2 Qe7 22.
Rf5 O-O 23.Ra1 Re8 24.Raf1 Ng6 25.b3 Rf8 26.Qh5 Rd8 27.Qf3 Rd7 28.Rxf6 
gxf6 29.Qxf6 Qxe4 30.Bxd6 Qe3+ 31.Kh1 Qxb3 32.Qf5 Qxc4 33.Rf3 Qc1+ 34.Kh2 
Raxd6 35.Nxd6 Rxd6 36.Qxf7+ Kh8 37.Rf5 Qh6 38.Qe8+ Kh7 39.Qf7+ Kh8 40.Qe8+
Kh7 41.Rf7+ Qg7 42.Rxg7+ Kxg7 43.Qb8 Rd7 44.Qc8 Nf8 45.Qxc5 Ng6 46.Qxa5 
Ne7 47.d6 Ng6 48.Qb5 1-0

[Event "8th Paul Keres mem"]
[Site "Tallinn URS"]
[Date "1983.03.08"]
[Round "13"]
[White "Suba, Mihai"]
[Black "Schussler, Harry"]
[Result "1-0"]
[WhiteElo "2535"]
[BlackElo "2485"]
[EventDate "1983.02.21"]
[PlyCount "59"]

1.c4 b6 2.d4 Bb7 3.d5 e6 4.a3 g6 5.e4 Bg7 6.Bd3 Ne7 7.Ne2 c6 8.d6 Nc8 9.
Bc2 c5 10.Nbc3 Nc6 11.h4 O-O 12.Bg5 f6 13.Be3 e5 14.h5 Nd4 15.hxg6 hxg6 
16.Nb5 f5 17.exf5 Bxg2 18.Nexd4 Bxh1 19.Nf3 Rb8 20.Qd5+ Kh8 21.O-O-O Bxf3 
22.Qxf3 Qf6 23.Qd5 g5 24.Nc3 Bh6 25.Ne4 Qxf5 26.Rh1 Kg7 27.Rxh6 Kxh6 28.
Nxg5 Qg4 29.Qh1+ Kg7 30.Qh7+ 1-0

[Event "8th Paul Keres mem"]
[Site "Tallinn URS"]
[Date "1983.03.08"]
[Round "13"]
[White "Vaganian, Rafael"]
[Black "Jansa, Vlastimil"]
[Result "0-1"]
[WhiteElo "2550"]
[BlackElo "2440"]
[EventDate "1983.02.21"]
[PlyCount "110"]

1.Nf3 g6 2.c4 Bg7 3.e4 e5 4.d4 exd4 5.Nxd4 Nf6 6.Nc3 O-O 7.Be2 Re8 8.f3 c6
9.Bg5 Qb6 10.Nb3 Na6 11.Qd2 d5 12.Be3 Qb4 13.cxd5 cxd5 14.exd5 Nc7 15.Bc5 
Qh4+ 16.Bf2 Qb4 17.Rd1 Nfxd5 18.Bc5 Qh4+ 19.g3 Qh3 20.Nxd5 Nxd5 21.Kf2 Be6
22.Nd4 Bh6 23.f4 Nxf4 24.Bf1 Qh5 25.gxf4 Qxc5 26.b4 Qh5 27.Nf3 Bg4 28.Qd5 
Bxf4 29.Qxh5 Bxh5 30.Rd7 Rac8 31.Bd3 Rc7 32.Rxc7 Bxc7 33.Rf1 Bb6+ 34.Kg2 
f5 35.Bc4+ Kg7 36.Ng5 Re7 37.Ne6+ Kf6 38.Nf4 Kg5 39.Ne6+ Kh6 40.a4 Rd7 41.
Kg3 Rd2 42.a5 Bd4 43.Nxd4 Rxd4 44.Rf4 Rd2 45.Bf1 Be2 46.Bg2 b6 47.Rf2 Rd3+
48.Kf4 Bg4 49.a6 g5+ 50.Ke5 Re3+ 51.Kf6 Re2 52.Rxe2 Bxe2 53.Kxf5 Bxa6 54.
Bf3 Bb5 55.Ke5 a5 0-1

[Event "8th Paul Keres mem"]
[Site "Tallinn URS"]
[Date "1983.03.09"]
[Round "14"]
[White "Arnason, Jon"]
[Black "Petrosian, Tigran"]
[Result "1/2-1/2"]
[WhiteElo "2460"]
[BlackElo "2605"]
[EventDate "1983.02.21"]
[PlyCount "92"]

1.e4 e6 2.d4 d5 3.Nc3 Nf6 4.e5 Ng8 5.f4 b6 6.Be3 Nh6 7.Nf3 Qd7 8.Qd2 Ba6 
9.Bxa6 Nxa6 10.Bf2 c5 11.h3 cxd4 12.Nxd4 Bb4 13.a3 Bxc3 14.Qxc3 Nc5 15.g4 
Ng8 16.O-O-O Ne7 17.f5 Ne4 18.Qf3 Nc6 19.Nxc6 Qxc6 20.Bd4 O-O-O 21.h4 Kb8 
22.Rh2 Rd7 23.Kb1 Rc8 24.Qd3 Rdc7 25.Rf1 Qd7 26.Rf3 Qa4 27.Qd1 Rc4 28.Rd3 
Qa5 29.h5 Qb5 30.Rb3 Qd7 31.Rf3 Qd8 32.Rd3 Qc7 33.Rf3 f6 34.fxe6 fxe5 35.
Bg1 Qd6 36.Rf7 R4c7 37.Re2 Qxe6 38.Rxc7 Rxc7 39.Bh2 g6 40.Qd3 Kb7 41.hxg6 
hxg6 42.Qf3 Rf7 43.Qg2 Ka6 44.c4 Qc6 45.cxd5 Qc4 46.Re1 Qd3+ 1/2-1/2

[Event "8th Paul Keres mem"]
[Site "Tallinn URS"]
[Date "1983.03.09"]
[Round "14"]
[White "Jansa, Vlastimil"]
[Black "Szekely, Peter"]
[Result "1/2-1/2"]
[WhiteElo "2440"]
[BlackElo "2435"]
[EventDate "1983.02.21"]
[PlyCount "62"]

1.e4 c5 2.Nf3 d6 3.d4 cxd4 4.Nxd4 Nf6 5.Nc3 a6 6.Be2 e5 7.Nb3 Be7 8.O-O 
Be6 9.f4 Qc7 10.Kh1 Nbd7 11.f5 Bc4 12.a4 O-O 13.a5 b5 14.axb6 Nxb6 15.Bg5 
Rfc8 16.Bxf6 Bxf6 17.Bxc4 Nxc4 18.Nd5 Qd8 19.Ra2 a5 20.Nd2 Nb6 21.b3 a4 
22.Nxb6 Qxb6 23.Nc4 Qc6 24.Qd3 axb3 25.Rxa8 Rxa8 26.cxb3 h6 27.Rd1 Be7 28.
h3 Ra2 29.Qb1 Re2 30.Re1 Rxe1+ 31.Qxe1 f6 1/2-1/2

[Event "8th Paul Keres mem"]
[Site "Tallinn URS"]
[Date "1983.03.09"]
[Round "14"]
[White "Nei, Iivo"]
[Black "Abramovic, Bosko"]
[Result "0-1"]
[WhiteElo "2495"]
[BlackElo "2475"]
[EventDate "1983.02.21"]
[PlyCount "72"]

1.e4 c5 2.b3 Nf6 3.e5 Nd5 4.Nf3 e6 5.Bb2 Be7 6.c4 Nc7 7.Be2 O-O 8.O-O Nc6 
9.d4 cxd4 10.Nxd4 Nxe5 11.Nxe6 fxe6 12.Bxe5 d6 13.Bb2 Bd7 14.Bd3 Qe8 15.
Nd2 Rd8 16.Qe2 Bc6 17.Rae1 Bf6 18.Bxf6 gxf6 19.Be4 Rf7 20.Qh5 Kh8 21.Nf3 
Qd7 22.Nd4 Rg8 23.Qf3 Bxe4 24.Qxe4 e5 25.Nc2 Ne6 26.Kh1 f5 27.Qf3 f4 28.
Rg1 Rg6 29.Rd1 Ng5 30.Qd5 Qf5 31.Ne1 Ne4 32.Rf1 Nc3 33.Qd2 Nxd1 34.Qxd1 e4
35.Qd4+ Rfg7 36.Qxa7 f3 0-1

[Event "8th Paul Keres mem"]
[Site "Tallinn URS"]
[Date "1983.03.09"]
[Round "14"]
[White "Schussler, Harry"]
[Black "Karner, Hillar"]
[Result "1/2-1/2"]
[WhiteElo "2485"]
[BlackElo "2405"]
[EventDate "1983.02.21"]
[PlyCount "113"]

1.d4 Nf6 2.c4 e6 3.Nf3 b6 4.a3 Ba6 5.Qc2 Bb7 6.Nc3 c5 7.e4 cxd4 8.Nxd4 Bc5
9.Nb3 Nc6 10.Nxc5 Nd4 11.Qd1 bxc5 12.Bd3 a5 13.O-O d6 14.f4 Qb8 15.Rb1 a4 
16.Qe1 O-O 17.Qh4 Nd7 18.Be3 f6 19.Qf2 e5 20.f5 Nb6 21.Rfc1 Ba6 22.Qf1 Qe8
23.g4 Qf7 24.Nd1 Rfb8 25.Rc3 Ra7 26.h4 Kf8 27.Kh1 Rab7 28.Rbc1 Nc8 29.Bc2 
Nb3 30.Bxb3 Rxb3 31.Qd3 R8b6 32.Kg2 g6 33.Rxb3 Rxb3 34.Rc3 gxf5 35.gxf5 
Rxc3 36.Nxc3 Bxc4 37.Qd1 Bb3 38.Qe2 Bc4 39.Qd1 Qb7 40.Bc1 Qb3 41.Qd2 Ke8 
42.Kg1 Bf7 43.Qe2 c4 44.Qd2 Kd7 45.Qh6 Qc2 46.Be3 Qxb2 47.Qxf6 Qxc3 48.
Qxf7+ Kc6 49.Qd5+ Kc7 50.Kf2 Qc2+ 51.Kf3 Qd3 52.Qa5+ Kd7 53.Qxa4+ Kd8 54.
Qa5+ Ke8 55.Qb5+ Kf7 56.Qd7+ Ne7 57.Qe6+ 1/2-1/2

[Event "8th Paul Keres mem"]
[Site "Tallinn URS"]
[Date "1983.03.15"]
[Round "15"]
[White "Abramovic, Bosko"]
[Black "Jansa, Vlastimil"]
[Result "1/2-1/2"]
[WhiteElo "2475"]
[BlackElo "2440"]
[EventDate "1983.02.21"]
[PlyCount "28"]

1.e4 c5 2.Nf3 d6 3.d4 cxd4 4.Nxd4 Nf6 5.Nc3 e6 6.Be2 Be7 7.O-O a6 8.f4 Qc7
9.Kh1 O-O 10.a4 Nc6 11.Be3 Re8 12.Bf3 e5 13.Nb3 exf4 14.Bxf4 Be6 1/2-1/2

[Event "8th Paul Keres mem"]
[Site "Tallinn URS"]
[Date "1983.03.15"]
[Round "15"]
[White "Psakhis, Lev"]
[Black "Schussler, Harry"]
[Result "0-1"]
[WhiteElo "2580"]
[BlackElo "2485"]
[EventDate "1983.02.21"]
[PlyCount "94"]

1.e4 e5 2.Nf3 Nf6 3.Nxe5 d6 4.Nf3 Nxe4 5.d4 d5 6.Bd3 Be7 7.O-O Nc6 8.Re1 
Bg4 9.c4 Nf6 10.cxd5 Nxd5 11.Nc3 O-O 12.Be4 Be6 13.Qc2 h6 14.Bh7+ Kh8 15.
Bf5 Ncb4 16.Qb1 Bxf5 17.Qxf5 Nf6 18.Bf4 Nbd5 19.Be5 c6 20.Nh4 Nxc3 21.bxc3
Ne8 22.Nf3 Bd6 23.c4 Bxe5 24.dxe5 Qa5 25.Re3 Kg8 26.g4 Nc7 27.h4 Ne6 28.h5
Rae8 29.a3 Qc5 30.Re4 Qe7 31.a4 Rd8 32.Re3 Rfe8 33.Rb1 b6 34.Qe4 Qc5 35.
Kh2 Nd4 36.Nh4 Qxc4 37.Nf5 Qd5 38.f4 Qxe4 39.Rxe4 Nf3+ 40.Kg2 Nd2 41.Rbe1 
Nxe4 42.Rxe4 Rd3 43.Kf2 c5 44.Re2 Red8 45.Nd6 R3xd6 46.exd6 Kf8 47.Re7 Re8
0-1

[Event "8th Paul Keres mem"]
[Site "Tallinn URS"]
[Date "1983.03.15"]
[Round "15"]
[White "Szekely, Peter"]
[Black "Veingold, Aleksander"]
[Result "1/2-1/2"]
[WhiteElo "2435"]
[BlackElo "2430"]
[EventDate "1983.02.21"]
[PlyCount "22"]

1.d4 Nf6 2.c4 e6 3.Nf3 b6 4.g3 Ba6 5.Nbd2 Bb4 6.Qc2 Bb7 7.Bg2 Be4 8.Qb3 
Bxd2+ 9.Bxd2 O-O 10.O-O d6 11.Bg5 Nbd7 1/2-1/2

[Event "8th Paul Keres mem"]
[Site "Tallinn URS"]
[Date "1983.03.15"]
[Round "15"]
[White "Vaganian, Rafael"]
[Black "Tal, Mikhail"]
[Result "1/2-1/2"]
[WhiteElo "2550"]
[BlackElo "2620"]
[EventDate "1983.02.21"]
[PlyCount "25"]

1.d4 Nf6 2.c4 e6 3.Nf3 b6 4.a3 Ba6 5.Qc2 Bb7 6.Nc3 c5 7.e4 cxd4 8.Nxd4 d6 
9.Be2 Be7 10.O-O O-O 11.Rd1 Nbd7 12.Be3 a6 13.f3 1/2-1/2